| 000 | 01241nam a2200337 c 4500 | ||
|---|---|---|---|
| 999 |
_c344177 _d344177 |
||
| 003 | BLK | ||
| 005 | 20191009090120.0 | ||
| 008 | 180911b bul|||||r ||||||| ||bul|| | ||
| 010 | _a003842 | ||
| 040 | _aBLK | ||
| 041 |
_aRUS _cBUL |
||
| 080 | _z882-6 | ||
| 100 | 1 |
_aТОЛСТОЙ, Лев _eпърви автор _9396705 |
|
| 245 | 0 | 0 |
_aПисьма Л. Н. Толстого : Т. 1-2 _nТ. 1 _p1848-1910 |
| 260 |
_aМосква _bК-во Книга _c1910 - 1911 |
||
| 300 |
_a367 с _c24 см |
||
| 380 | _a82 | ||
| 490 | _aБиблиотека русских критиков | ||
| 490 |
_aЧастна колекция - Академик Михаил Арнаудов _gДарение - Основен фонд |
||
| 490 |
_aПисьма Л. Н. Толстого _9399809 _cТОЛСТОЙ, Лев |
||
| 500 | _a Т. 1 1848-1910; Т. 2 1855-1910 ;Михаил Арнаудов: негови-книга ; в текста и бележки по полетата. | ||
| 520 | _a | ||
| 653 | _aепос | ||
| 653 | _aписма | ||
| 655 |
_aруска литература _9396387 |
||
| 700 | 1 |
_aЛ. Н. Толстой _9396721 |
|
| 700 | 1 |
_aП. А. Сергиенко _e Собр. и ред. _9396722 |
|
| 852 |
_aМА 193 _bМА |
||
| 942 |
_cKNG _n0 _s1 |
||
| 944 |
_aCR _c1995 _kValK |
||
| 999 | _d344177 | ||
| 999 | _d344177 | ||
| 999 | _d344177 | ||